Estadísticas para Mapa de Asia

Haz click aquí para tomar la prueba!

Estadísticas generales

  • Esta prueba ha sido tomada 2,854 veces
    (2,853 desde el último reinicio)
  • La puntuación promedio es 38 de 48

Estadísticas de respuestas

Answer % Correcto
China
98%
Japón
97%
Corea Norte
96%
Corea Sur
96%
Mongolia
96%
India
95%
Indonesia
90%
Filipinas
89%
Arabia Saudita
89%
Turquía
88%
Sri Lanka
87%
Taiwán
87%
Nepal
87%
Omán
86%
Pakistán
83%
Chipre
83%
Vietnam
83%
Emiratos
Árabes
Unidos
82%
Kazajistán
82%
Irak
82%
Maldivas
81%
Laos
81%
Malasia
81%
Irán
81%
Tailandia
80%
Timor
Oriental
80%
Yemen
79%
Afganistán
79%
Bangladés
79%
Siria
78%
Israel
78%
Camboya
77%
Singapur
75%
Líbano
75%
Bután
75%
Birmania
75%
Kuwait
74%
Jordania
73%
Catar
72%
Azerbaiyán
72%
Armenia
71%
Brunéi
69%
Uzbekistán
68%
Baréin
66%
Georgia
64%
Tayikistán
63%
Kirguistán
60%
Turkmenistán
58%

Distribución de puntuación

Porcentaje por número respondido

Porcentaje de gente con cada puntuación

Historial de tus puntuaciones

No has tomado esta prueba desde el último reinicio